[Event "Zabrze Mayor's Cup 34th"]
[Site "Zabrze"]
[Date "2011.09.27"]
[Round "7"]
[White "Mostowski, Boguslaw"]
[Black "Semik, Tomasz"]
[Result "0-1"]
[WhiteElo "1807"]
[BlackElo "1878"]
[PlyCount "150"]
[EventDate "2011.09.23"]
[EventType "swiss"]
[EventRounds "10"]
[EventCountry "POL"]
[SourceTitle "CBM 144 Extra"]
[Source "ChessBase"]
[SourceDate "2011.10.28"]
[SourceVersion "1"]
[SourceVersionDate "2011.10.28"]
[SourceQuality "1"]

1. e4 d6 2. d4 Nf6 3. Nc3 g6 4. Nf3 Bg7 5. Be2 0-0 6. 0-0 Nc6 7. d5 Nb8 8. Nd4 c5 9. Nb3 e6 10. Bg5 e5 11. Qd2 a6 12. a4 Qe7 13. f3 b6 14. Nd1 Re8 15. c4 a5 16. Nc3 Na6 17. Nb5 Qf8 18. Bd3 h6 19. Be3 Nd7 20. g4 Rb8 21. Rae1 Rb7 22. Kh1 Kh7 23. Rg1 Nb4 24. Bb1 Qe7 25. g5 h5 26. Qg2 Nb8 27. Nc1 Nd7 28. Ne2 Rh8 29. h4 Kg8 30. Nec3 Kh7 31. Qg3 Rf8 32. Rg2 Re8 33. Rge2 Rf8 34. b3 Re8 35. Rf1 Rf8 36. Ref2 Kg8 37. Re2 Re8 38. Ree1 Kh7 39. f4 exf4 40. Qxf4 Ne5 41. Rd1 Kg8 42. Bg1 Qd7 43. Bh2 Qe7 44. Rd2 Bg4 45. Nd1 Bh3 46. Rff2 Bd7 47. Ne3 Bc8 48. Nd1 Rd7 49. Ndc3 Rdd8 50. Nd1 Bd7 51. Ndc3 Rf8 52. Rf1 Bc8 53. Rff2 Qd7 54. Nd1 Qh3 55. Qg3 Qd7 56. Ne3 Qe7 57. Rf1 Bd7 58. Rff2 Na6 59. Bc2 Nb8 60. Bb1 Rde8 61. Rf1 Rc8 62. Rdf2 Na6 63. Rg1 Nb4 64. Rd1 Rcd8 65. Rff1 Kh7 66. Rf2 f6 67. Rg1 Rg8 68. Rd2 fxg5 69. hxg5 Rdf8 70. Rf2 Rxf2 71. Qxf2 Rf8 72. Qg3 Rf3 73. Qe1 Rf7 74. Rg3 Bxb5 75. cxb5 Nf3 0-1

[Event "Zabrze Mayor's Cup 34th"]
[Site "Zabrze"]
[Date "2011.09.25"]
[Round "4"]
[White "Mostowski, Boguslaw"]
[Black "Drela, Michal"]
[Result "0-1"]
[WhiteElo "1807"]
[BlackElo "1459"]
[PlyCount "110"]
[EventDate "2011.09.23"]
[EventType "swiss"]
[EventRounds "10"]
[EventCountry "POL"]
[SourceTitle "CBM 144 Extra"]
[Source "ChessBase"]
[SourceDate "2011.10.28"]
[SourceVersion "1"]
[SourceVersionDate "2011.10.28"]
[SourceQuality "1"]

1. e4 c5 2. Nf3 Nc6 3. d4 cxd4 4. Nxd4 d6 5. c4 g6 6. Be3 Bg7 7. Nc3 Nf6 8. f3 0-0 9. Qd2 Bd7 10. 0-0-0 Qa5 11. Kb1 a6 12. g4 b5 13. h4 h5 14. Nxc6 Bxc6 15. Nd5 Qd8 16. Nxf6+ Bxf6 17. gxh5 bxc4 18. Bxc4 Rb8 19. b3 Qc8 20. hxg6 Bxe4+ 21. fxe4 Qxc4 22. gxf7+ Kxf7 23. Qd5+ Qxd5 24. Rxd5 Rb4 25. e5 Bxe5 26. Rf1+ Bf6 27. Ra5 Re4 28. Bg5 Ke6 29. Rxa6 Re2 30. Bxf6 exf6 31. Rd1 Rd8 32. Rh1 f5 33. Ra4 Ke5 34. Kc1 Rc8+ 35. Kd1 Rcc2 36. Re1 Rcd2+ 37. Kc1 f4 38. Rxe2+ Rxe2 39. Kd1 f3 40. a3 Re3 41. Kd2 f2 42. Kxe3 f1Q 43. Re4+ Kf5 44. Rb4 Qc1+ 45. Kd3 Qxa3 46. Rb5+ Ke6 47. h5 Qa6 48. Kc4 d5+ 49. Kb4 Qd6+ 50. Rc5 d4 51. Kc4 d3 52. h6 Kf6 53. b4 d2 54. h7 Kg7 55. Rh5 Kh8 0-1

[Event "Zabrze Mayor's Cup 34th"]
[Site "Zabrze"]
[Date "2011.09.25"]
[Round "5"]
[White "Mroczek, Henryk"]
[Black "Mostowski, Boguslaw"]
[Result "0-1"]
[WhiteElo "1686"]
[BlackElo "1807"]
[PlyCount "48"]
[EventDate "2011.09.23"]
[EventType "swiss"]
[EventRounds "10"]
[EventCountry "POL"]
[SourceTitle "CBM 144 Extra"]
[Source "ChessBase"]
[SourceDate "2011.10.28"]
[SourceVersion "1"]
[SourceVersionDate "2011.10.28"]
[SourceQuality "1"]

1. d4 Nf6 2. c4 e6 3. Nf3 b6 4. Bg5 Bb7 5. e3 h6 6. Bh4 Be7 7. Nc3 d5 8. Bd3 Nbd7 9. 0-0 0-0 10. Rc1 c5 11. cxd5 exd5 12. dxc5 bxc5 13. Qb3 Nb6 14. Qd1 Ne4 15. Bxe7 Qxe7 16. Qe2 Rfd8 17. Rfd1 f5 18. a4 a5 19. Nd2 Qf6 20. Ncxe4 fxe4 21. Bb1 Kh8 22. Qb5 Qc6 23. b3 Nd7 24. Qxc6 Bxc6 0-1

[Event "Rewal op-B 15th"]
[Site "Rewal"]
[Date "2010.08.24"]
[Round "5"]
[White "Kwasniewski, Pawel"]
[Black "Mostowski, Boguslaw"]
[Result "1/2-1/2"]
[WhiteElo "1470"]
[BlackElo "1803"]
[PlyCount "67"]
[EventDate "2010.08.18"]
[EventType "swiss"]
[EventRounds "9"]
[EventCountry "POL"]
[SourceTitle "EXT 2014"]
[Source "ChessBase"]
[SourceDate "2013.11.20"]
[SourceVersion "1"]
[SourceVersionDate "2013.11.20"]
[SourceQuality "1"]

1. d4 Nf6 2. Nf3 e6 3. Bg5 d5 4. Nbd2 Be7 5. e3 Nbd7 6. Bd3 b6 7. 0-0 Bb7 8. c3 Ne4 9. Bxe7 Qxe7 10. Qc2 f5 11. c4 c5 12. cxd5 Nxd2 13. Nxd2 Bxd5 14. dxc5 Qxc5 15. Qxc5 Nxc5 16. Bb5+ Ke7 17. b4 Nd7 18. Bxd7 Kxd7 19. Rfc1 Rhc8 20. a3 Rxc1+ 21. Rxc1 Rc8 22. Rxc8 Kxc8 23. f3 Kd7 24. e4 fxe4 25. fxe4 Bc6 26. Kf2 e5 27. Ke3 Ke6 28. Nf3 h6 29. Nh4 Kf6 30. Nf5 Bd7 31. Nd6 g6 32. Nc4 Ke6 33. g3 Bb5 34. Nd2 1/2-1/2

[Event "Rewal op-B 15th"]
[Site "Rewal"]
[Date "2010.08.23"]
[Round "4"]
[White "Mostowski, Boguslaw"]
[Black "Krzysztofiak, Zdzislaw"]
[Result "1-0"]
[WhiteElo "1803"]
[BlackElo "1664"]
[PlyCount "61"]
[EventDate "2010.08.18"]
[EventType "swiss"]
[EventRounds "9"]
[EventCountry "POL"]
[SourceTitle "EXT 2014"]
[Source "ChessBase"]
[SourceDate "2013.11.20"]
[SourceVersion "1"]
[SourceVersionDate "2013.11.20"]
[SourceQuality "1"]

1. e4 Nf6 2. e5 Nd5 3. c4 Nb6 4. d4 d6 5. Nf3 dxe5 6. Nxe5 g6 7. Nc3 Bg7 8. f4 0-0 9. Be2 N8d7 10. Be3 Nxe5 11. fxe5 f6 12. c5 Nd5 13. Bc4 e6 14. Bxd5 exd5 15. exf6 Rxf6 16. Qb3 c6 17. 0-0-0 Rf7 18. Rde1 b6 19. Qb4 b5 20. Qb3 a5 21. Qd1 a4 22. Rhf1 Rxf1 23. Rxf1 Qa5 24. Qf3 Qc7 25. Nxd5 Qb7 26. Nf6+ Kh8 27. Ne8 Bf5 28. Nd6 Qd7 29. Nxf5 gxf5 30. Qxf5 Rf8 31. Qxd7 1-0

[Event "POL-ch Seniors"]
[Site "Swietochlowice"]
[Date "2008.10.06"]
[Round "9.10"]
[White "Mostowski, Boguslaw"]
[Black "Krzempek, Krystian"]
[Result "0-1"]
[WhiteElo "2000"]
[BlackElo "1754"]
[PlyCount "66"]
[EventDate "2008.09.30"]
[EventType "swiss"]
[EventRounds "9"]
[EventCountry "POL"]
[SourceTitle "EXT 2023"]
[Source "ChessBase"]
[SourceDate "2022.10.05"]
[SourceVersion "1"]
[SourceVersionDate "2022.10.05"]
[SourceQuality "1"]

1. e4 c6 2. d4 d5 3. Nc3 dxe4 4. Nxe4 Nd7 5. Bc4 e6 6. Nf3 Ngf6 7. Neg5 Nb6 8. Bb3 h6 9. Nh3 c5 10. c3 cxd4 11. Nxd4 Be7 12. Qe2 Nbd7 13. Bxe6 fxe6 14. Nxe6 Qb6 15. Nxg7+ Kf7 16. Bxh6 Rxh6 17. Nf5 Bf8 18. Nf4 Nc5 19. Nd4 Qa6 20. Qc2 Bg4 21. f3 Bd7 22. Kf2 Bd6 23. Nde2 Qb6 24. Kf1 Rah8 25. Rd1 Bxf4 26. Nxf4 Be6 27. b3 Nh5 28. Rd4 Ng3+ 29. hxg3 Rxh1+ 30. Kf2 R8h6 31. g4 Qb5 32. c4 Qb4 33. Rd2 Rf6 0-1

[Event "POL-ch Seniors"]
[Site "Swietochlowice"]
[Date "2008.10.01"]
[Round "2.13"]
[White "Mostowski, Boguslaw"]
[Black "Bezimienny, Daniel"]
[Result "1-0"]
[WhiteElo "2000"]
[BlackElo "1872"]
[PlyCount "165"]
[EventDate "2008.09.30"]
[EventType "swiss"]
[EventRounds "9"]
[EventCountry "POL"]
[SourceTitle "EXT 2023"]
[Source "ChessBase"]
[SourceDate "2022.10.05"]
[SourceVersion "1"]
[SourceVersionDate "2022.10.05"]
[SourceQuality "1"]

1. e4 e6 2. d4 d5 3. Nc3 Nf6 4. Bg5 Be7 5. e5 Nfd7 6. Bxe7 Qxe7 7. f4 c5 8. Nf3 Nc6 9. dxc5 Nxc5 10. Qd2 a6 11. a3 b5 12. b4 Nd7 13. Bd3 Bb7 14. 0-0 0-0 15. Rfe1 f6 16. Qe3 fxe5 17. fxe5 h6 18. Ne2 Rf7 19. Bg6 Rff8 20. c3 Rac8 21. Rac1 Qd8 22. Ned4 Qe7 23. Bb1 Rf7 24. Qd3 Nf8 25. Nb3 Rd8 26. Nc5 Bc8 27. Rcd1 Qc7 28. Qe3 Ne7 29. Nd4 Re8 30. h4 Neg6 31. h5 Ne7 32. g4 Nc6 33. Nf3 Ne7 34. Kg2 d4 35. cxd4 Nd5 36. Qd2 Nd7 37. Bg6 Nf4+ 38. Kg3 Nxg6 39. hxg6 Rfe7 40. Rf1 Nf6 41. Rc1 Qb8 42. Qd3 Nd5 43. Ne4 Rd7 44. Rc6 Bb7 45. Rd6 Rc7 46. Nc5 Rc6 47. Rxc6 Bxc6 48. Nxa6 Qa8 49. Nc5 Nc7 50. Nh4 Rf8 51. Rf7 Qd8 52. Qf1 Qe8 53. Rxf8+ Qxf8 54. Qxf8+ Kxf8 55. Ng2 Ke7 56. Nf4 Be8 57. Kf3 Bc6+ 58. Ke3 Ba8 59. a4 bxa4 60. Nxa4 Nd5+ 61. Nxd5+ Bxd5 62. Nc3 Bc4 63. b5 Kd7 64. Ke4 Bf1 65. d5 exd5+ 66. Nxd5 Ke6 67. Nf4+ Ke7 68. b6 Ba6 69. Nd5+ Kd7 70. e6+ Kd6 71. e7 Kd7 72. e8Q+ Kxe8 73. Nc7+ Kd7 74. Nxa6 Kc6 75. Nc5 Kxb6 76. Ne6 Kc6 77. Nxg7 Kd7 78. Nf5 Ke6 79. g7 Kf7 80. Ke5 Kg8 81. Kf6 Kh7 82. Kf7 h5 83. g8Q# 1-0

[Event "POL-ch Seniors"]
[Site "Swietochlowice"]
[Date "2008.09.30"]
[Round "1.13"]
[White "Radzikowski, Dawid"]
[Black "Mostowski, Boguslaw"]
[Result "1-0"]
[WhiteElo "1961"]
[BlackElo "2000"]
[PlyCount "61"]
[EventDate "2008.09.30"]
[EventType "swiss"]
[EventRounds "9"]
[EventCountry "POL"]
[SourceTitle "EXT 2023"]
[Source "ChessBase"]
[SourceDate "2022.10.05"]
[SourceVersion "1"]
[SourceVersionDate "2022.10.05"]
[SourceQuality "1"]

1. e4 c5 2. Nc3 Nc6 3. g3 g6 4. d3 Bg7 5. Be3 d6 6. Qd2 e6 7. Bg2 Nge7 8. Bh6 0-0 9. h4 Nd4 10. Bxg7 Kxg7 11. h5 Rh8 12. h6+ Kf8 13. Nce2 Nec6 14. c3 Nxe2 15. Nxe2 e5 16. 0-0-0 Be6 17. b3 a5 18. d4 cxd4 19. cxd4 Qc7 20. Kb1 d5 21. dxe5 dxe4 22. Bxe4 Qxe5 23. Nc3 Ke7 24. f4 Qc5 25. Rhe1 Rhd8 26. Nd5+ Kf8 27. Qb2 Bxd5 28. Bxd5 Nd4 29. Rxd4 Re8 30. Rde4 Rxe4 31. Qg7+ 1-0